书目信息 |
| 题名: |
山河为歌
|
|
| 作者: | 老舍 , 陈竹隐 著 | |
| 分册: | ||
| 出版信息: | 北京 中国文史出版社 2021.04 |
|
| 页数: | 295页 | |
| 开本: | 24cm | |
| 丛书名: | 大家小像 | |
| 单 册: | ||
| 中图分类: | K825.4 | |
| 科图分类: | ||
| 主题词: | 文化--wen hua--名人--人物研究--中国--现代 | |
| 电子资源: | ||
| ISBN: | 978-7-5205-2722-4 | |
| 000 | 00967nam 2200265 450 | |
| 001 | 0100028957 | |
| 005 | 20211025120205.0 | |
| 010 | @a978-7-5205-2722-4@dCNY56.00 | |
| 100 | @a20210705d2021 em y0chiy50 ea | |
| 101 | 0 | @achi |
| 102 | @aCN@b110000 | |
| 105 | @ay z 000yc | |
| 106 | @ar | |
| 200 | 1 | @a山河为歌@Ashan he wei ge@f老舍, 陈竹隐等著 |
| 210 | @a北京@c中国文史出版社@d2021.04 | |
| 215 | @a295页@d24cm | |
| 225 | 2 | @a大家小像@Ada jia xiao xiang |
| 330 | @a本书侧重于描写在国家有难、民族危亡之时文化名人所采取的种种行动, 以及文化名人为建设国家的积极作为。描写的文化名人有鲁迅、蔡元培、张伯苓、田汉、朱自清、蒋梦麟、梁思成、徐悲鸿、张大千等。主要内容包括: 抗到底、斗争在重庆、抓我, 我是头等。 | |
| 410 | 0 | @12001 @a大家小像 |
| 606 | 0 | @a文化@Awen hua@x名人@x人物研究@y中国@z现代 |
| 690 | @aK825.4@v5 | |
| 701 | 0 | @a老舍@Alao she@4著 |
| 701 | 0 | @a陈竹隐@Achen zhu yin@4著 |
| 801 | 0 | @aCN@c20210909 |
| 905 | @a河南城建学院图书馆@dK825.4@eL072 | |
| 山河为歌/老舍, 陈竹隐等著.-北京:中国文史出版社,2021.04 |
| 295页;24cm.-(大家小像) |
| ISBN 978-7-5205-2722-4:CNY56.00 |
| 本书侧重于描写在国家有难、民族危亡之时文化名人所采取的种种行动, 以及文化名人为建设国家的积极作为。描写的文化名人有鲁迅、蔡元培、张伯苓、田汉、朱自清、蒋梦麟、梁思成、徐悲鸿、张大千等。主要内容包括: 抗到底、斗争在重庆、抓我, 我是头等。 |
| ● |
| 相关链接 |
|
|
|
正题名:山河为歌
索取号:K825.4/L072
 
预约/预借
| 序号 | 登录号 | 条形码 | 馆藏地/架位号 | 状态 | 备注 |
| 1 | 1547409 | 215474092 | 社科库309/309社科库 49排6列5层/ [索取号:K825.4/L072] | 在馆 | |
| 2 | 1547410 | 215474109 | 社科库309/309社科库 49排6列5层/ [索取号:K825.4/L072] | 在馆 |